00559 2200193 4500001002100000005001500021035002500036090001400061245006400075260004700139300002200186008004100208082000800249084001400257650004000271990001800311990001800329990001800347YOGYA00000000003281920180724115141 a0010-081400000032537 aL 365 Ket aKETERANGAN Pemerintah Tentang Peristiwa Pengeluaran Schmidt aJakarta :bKementerian Penerangan,c[1959] a20 hlm. ;c21 cm.180724 0 ind  a365 aL 365 KET aPenjara dan Lembaga Permasyarakatan a23899-PD/A.07 a23899-PD/A.07 a23899-PD/A.07